[Event "AUT-chT2W 2122"]
[Site "Austria"]
[Date "2022.02.20"]
[Round "5.5"]
[White "Muehlbacher, Bernhard"]
[Black "Natter, Markus"]
[Result "1/2-1/2"]
[WhiteElo "2030"]
[BlackElo "2001"]
[PlyCount "60"]
[EventDate "2021.10.15"]
[EventType "team-tourn"]
[EventRounds "11"]
[EventCountry "AUT"]
[SourceTitle "EXT 2023"]
[Source "ChessBase"]
[SourceDate "2022.10.05"]
[SourceVersion "1"]
[SourceVersionDate "2022.10.05"]
[SourceQuality "1"]
[WhiteTeam "Kufstein/Woergl"]
[BlackTeam "Lustenau"]
[WhiteTeamCountry "AUT"]
[BlackTeamCountry "AUT"]

1. c4 Nf6 2. g3 g6 3. Bg2 Bg7 4. Nc3 0-0 5. d3 d6 6. Bd2 c5 7. Qc1 Nc6 8. Bh6 Rb8 9. Nf3 a6 10. 0-0 b5 11. Bxg7 Kxg7 12. b3 e5 13. Qd2 Re8 14. Ng5 Bd7 15. Nge4 Qe7 16. Nxf6 Qxf6 17. Nd5 Qd8 18. e3 Ne7 19. Rfe1 Nxd5 20. Bxd5 Qb6 21. Rac1 Be6 22. Bg2 f6 23. Red1 Rec8 24. e4 Rf8 25. Rf1 Qd8 26. f4 b4 27. Qe3 Bd7 28. fxe5 fxe5 29. Rxf8 Qxf8 30. Rf1 Qe7 1/2-1/2

[Event "AUT-chT2W 2122"]
[Site "Austria"]
[Date "2021.10.16"]
[Round "2.5"]
[White "Stadler, Alexander"]
[Black "Muehlbacher, Bernhard"]
[Result "1-0"]
[WhiteElo "2111"]
[BlackElo "2030"]
[PlyCount "71"]
[EventDate "2021.10.15"]
[EventType "team-tourn"]
[EventRounds "11"]
[EventCountry "AUT"]
[SourceTitle "CBM 204 Extra"]
[Source "ChessBase"]
[SourceDate "2021.11.30"]
[SourceVersion "1"]
[SourceVersionDate "2021.11.30"]
[SourceQuality "1"]
[WhiteTeam "Ranshofen"]
[BlackTeam "Kufstein/Woergl"]
[WhiteTeamCountry "AUT"]
[BlackTeamCountry "AUT"]

1. d4 Nf6 2. c4 e6 3. Nc3 d5 4. Nf3 b6 5. cxd5 exd5 6. Bg5 Be7 7. e3 0-0 8. Bd3 Bb7 9. Qc2 Nbd7 10. 0-0 a6 11. Rab1 h6 12. Bh4 c5 13. dxc5 bxc5 14. Rfd1 Kh8 15. Bf5 Nb6 16. Bxf6 Bxf6 17. Ne4 d4 18. Qxc5 Bxe4 19. Bxe4 Rc8 20. Qf5 g6 21. Qf4 Kg7 22. Nxd4 Qe8 23. h4 Rc5 24. Rbc1 Re5 25. Rc6 Nd7 26. Bf5 Nb8 27. Rxf6 Qe7 28. Rb6 Qc5 29. Nb3 Qe7 30. Bb1 Re8 31. Qd4 Kh7 32. Qd6 Qxh4 33. Rxb8 Rh5 34. Bxg6+ fxg6 35. Rb7+ Kh8 36. Qd4+ 1-0

[Event "AUT-chT2W 1920"]
[Site "Austria"]
[Date "2019.10.06"]
[Round "3.5"]
[White "Muehlbacher, Bernhard"]
[Black "Neuschmied, Siegfried"]
[Result "1/2-1/2"]
[WhiteElo "2048"]
[BlackElo "2268"]
[PlyCount "90"]
[EventDate "2019.10.04"]
[EventType "team-tourn"]
[EventRounds "11"]
[EventCountry "AUT"]
[SourceTitle "CBM 192 Extra"]
[Source "Chessbase"]
[SourceDate "2019.11.06"]
[SourceVersion "1"]
[SourceVersionDate "2019.11.06"]
[SourceQuality "1"]
[WhiteTeam "Rochade Rum"]
[BlackTeam "Kufstein/Woergl"]
[WhiteTeamCountry "AUT"]
[BlackTeamCountry "AUT"]

1. c4 e5 2. g3 Nc6 3. Bg2 d6 4. Nc3 Be6 5. d3 Qd7 6. h4 h6 7. e3 g6 8. Nge2 Bg7 9. b3 Nf6 10. Nd5 0-0 11. Bb2 Nh5 12. Qd2 Nd8 13. e4 c6 14. Ne3 f5 15. exf5 gxf5 16. f4 exf4 17. gxf4 d5 18. 0-0-0 Rc8 19. Kb1 d4 20. Nc2 c5 21. Bf3 Nf6 22. Rhe1 Nc6 23. Ng3 Bf7 24. Qg2 h5 25. Re2 Kh7 26. Rde1 Rce8 27. Rxe8 Bxe8 28. Qe2 Kh6 29. Qe6 Bg6 30. Ba3 Re8 31. Qxd7 Rxe1+ 32. Nxe1 Nxd7 33. Bd5 Nd8 34. Nf3 Bf8 35. Ng5 Bd6 36. Bc1 Nf8 37. Kc2 Kg7 38. Bf3 Nfe6 39. Nh3 Kh6 40. Bd2 b6 41. Bd5 Kg7 42. Bf3 Be7 43. Ng5 Bd6 44. Nh3 Be7 45. Ng5 Bd6 1/2-1/2

[Event "EU-chT Railways USIC 19th"]
[Site "St Petersburg"]
[Date "2016.07.06"]
[Round "3.9"]
[White "Karthikeyan, Pandian"]
[Black "Muehlbacher, Bernhard"]
[Result "1-0"]
[WhiteElo "2474"]
[BlackElo "2066"]
[PlyCount "41"]
[EventDate "2016.07.05"]
[EventType "team-swiss"]
[EventRounds "5"]
[EventCountry "RUS"]
[SourceTitle "EXT 2020"]
[Source "ChessBase"]
[SourceDate "2019.10.17"]
[SourceVersion "1"]
[SourceVersionDate "2019.10.17"]
[SourceQuality "1"]
[WhiteTeam "India (rail)"]
[BlackTeam "Austria (rail)"]
[WhiteTeamCountry "IND"]
[BlackTeamCountry "AUT"]

1. d4 d5 2. c4 c6 3. Nf3 Nf6 4. Qc2 e6 5. Nbd2 Nbd7 6. g3 Bd6 7. Bg2 0-0 8. 0-0 Re8 9. b3 e5 10. cxd5 cxd5 11. dxe5 Nxe5 12. Bb2 Nxf3+ 13. Nxf3 Bd7 14. Rad1 Rc8 15. Qd3 Bc6 16. Nd4 Be5 17. Rd2 Qd7 18. Rc1 h6 19. Rdc2 h5 20. e3 h4 21. Qf1 1-0

[Event "AUT-chT2W 1213"]
[Site "Austria"]
[Date "2013.01.13"]
[Round "8.5"]
[White "Burschowsky, Matthias"]
[Black "Muehlbacher, Bernhard"]
[Result "1-0"]
[WhiteElo "2234"]
[BlackElo "2068"]
[PlyCount "69"]
[EventDate "2012.10.05"]
[EventType "team-tourn"]
[EventRounds "11"]
[EventCountry "AUT"]
[SourceTitle "EXT 2014"]
[Source "ChessBase"]
[SourceDate "2013.11.20"]
[SourceVersion "1"]
[SourceVersionDate "2013.11.20"]
[SourceQuality "1"]
[WhiteTeam "Hohenems II"]
[BlackTeam "Rum Rochade"]
[WhiteTeamCountry "AUT"]
[BlackTeamCountry "AUT"]

1. Nf3 c5 2. c4 Nc6 3. g3 g6 4. Bg2 Bg7 5. Nc3 Nf6 6. 0-0 0-0 7. d4 cxd4 8. Nxd4 Nxd4 9. Qxd4 d6 10. Qd3 Rb8 11. e4 Be6 12. b3 Qc8 13. Rd1 Bh3 14. Bh1 Re8 15. Be3 b6 16. f3 h5 17. Rac1 Kh7 18. Qd2 Rb7 19. Qf2 Rh8 20. Bg2 Bxg2 21. Kxg2 h4 22. gxh4 Nh5 23. Ne2 Bf6 24. Bg5 Be5 25. h3 f6 26. Be3 f5 27. Bd4 fxe4 28. fxe4 Rf8 29. Qg1 Bf4 30. Be3 Qe6 31. Nxf4 Nxf4+ 32. Bxf4 Qxe4+ 33. Kh2 Qxf4+ 34. Qg3 Qf2+ 35. Qg2 1-0

[Event "AUT-chT2W 0910"]
[Site "Austria"]
[Date "2010.03.14"]
[Round "11.5"]
[White "Mira, Helene"]
[Black "Muehlbacher, Bernhard"]
[Result "1/2-1/2"]
[WhiteElo "2108"]
[BlackElo "2156"]
[PlyCount "66"]
[EventDate "2009.10.23"]
[EventType "team-tourn"]
[EventRounds "11"]
[EventCountry "AUT"]
[SourceTitle "EXT 2011"]
[Source "ChessBase"]
[SourceDate "2010.11.26"]
[SourceVersion "1"]
[SourceVersionDate "2010.11.26"]
[SourceQuality "1"]
[WhiteTeam "Bregenz"]
[BlackTeam "Rochade Rum"]
[WhiteTeamCountry "AUT"]
[BlackTeamCountry "AUT"]

1. Nf3 c5 2. c4 Nf6 3. Nc3 d6 4. d4 cxd4 5. Nxd4 a6 6. e4 e6 7. Be2 b6 8. 0-0 Bb7 9. f3 Be7 10. Be3 0-0 11. Qd2 Nbd7 12. Rfd1 Qc7 13. Rac1 Rac8 14. Kh1 Rfd8 15. Qe1 Re8 16. Qf2 Qb8 17. Bf1 Bd8 18. b3 Ba8 19. Qd2 Bc7 20. Bg1 Red8 21. Qe1 Re8 22. Qh4 Ne5 23. Qf2 Ned7 24. Rc2 h5 25. Qd2 Nf8 26. Bf2 Ng6 27. a4 Red8 28. Qe1 Re8 29. Qd2 Rcd8 30. Qc1 Rc8 31. Qd2 Rcd8 32. Qc1 h4 33. Be3 Bb7 1/2-1/2

[Event "AUT-chT2W 0910"]
[Site "Austria"]
[Date "2010.03.12"]
[Round "9.5"]
[White "Muehlbacher, Bernhard"]
[Black "Huch, Reiner"]
[Result "0-1"]
[WhiteElo "2156"]
[BlackElo "2287"]
[PlyCount "86"]
[EventDate "2009.10.23"]
[EventType "team-tourn"]
[EventRounds "11"]
[EventCountry "AUT"]
[SourceTitle "EXT 2011"]
[Source "ChessBase"]
[SourceDate "2010.11.26"]
[SourceVersion "1"]
[SourceVersionDate "2010.11.26"]
[SourceQuality "1"]
[WhiteTeam "Rochade Rum"]
[BlackTeam "Salzburg Sued"]
[WhiteTeamCountry "AUT"]
[BlackTeamCountry "AUT"]

1. c4 e5 2. g3 c6 3. Bg2 d6 4. d3 g6 5. e3 Bg7 6. Nc3 Ne7 7. Nge2 0-0 8. 0-0 Be6 9. b3 f5 10. Bd2 a5 11. d4 Na6 12. a3 g5 13. f4 h6 14. Rb1 e4 15. Qc2 Rb8 16. Na2 b5 17. Rfc1 a4 18. cxb5 axb3 19. Rxb3 cxb5 20. Rb2 Qd7 21. Nec3 Bc4 22. Bf1 Rfc8 23. Qb1 Bxf1 24. Kxf1 Nc7 25. a4 gxf4 26. gxf4 Qe8 27. axb5 Qh5 28. Be1 Qh3+ 29. Ke2 Ncd5 30. Nd1 Qf3+ 31. Kd2 Nxf4 32. exf4 Qxf4+ 33. Ke2 Qf3+ 34. Kd2 Bf6 35. Rc3 Bg5+ 36. Kc2 Qd3+ 37. Kb3 Qxb5+ 38. Nb4 Qxb4+ 39. Kc2 Qa4+ 40. Rbb3 Nd5 41. Rxc8+ Rxc8+ 42. Kb2 Bc1+ 43. Qxc1 Qxb3+ 0-1

[Event "AUT-chT2W 0910"]
[Site "Austria"]
[Date "2009.11.28"]
[Round "5.6"]
[White "Muehlbacher, Bernhard"]
[Black "Klinger, Josef Sr"]
[Result "1/2-1/2"]
[WhiteElo "2156"]
[BlackElo "1984"]
[PlyCount "58"]
[EventDate "2009.10.23"]
[EventType "team-tourn"]
[EventRounds "11"]
[EventCountry "AUT"]
[SourceTitle "CBM 133 Extra"]
[Source "ChessBase"]
[SourceDate "2010.01.05"]
[SourceVersion "1"]
[SourceVersionDate "2010.01.05"]
[SourceQuality "1"]
[WhiteTeam "Rochade Rum"]
[BlackTeam "Schwarzach"]
[WhiteTeamCountry "AUT"]
[BlackTeamCountry "AUT"]

1. c4 g6 2. g3 c6 3. Bg2 d6 4. Nc3 e5 5. e3 Nh6 6. Nge2 f5 7. d4 Bg7 8. 0-0 0-0 9. Rb1 Be6 10. d5 cxd5 11. Nxd5 Nf7 12. b3 Nc6 13. Qd2 Qd7 14. Bb2 Rfd8 15. Rfd1 Rac8 16. Nec3 e4 17. Nb5 Nfe5 18. Nf4 Bf8 19. Nd4 Bf7 20. Nxc6 Qxc6 21. Qe2 g5 22. Nd5 g4 23. Rbc1 Kg7 24. Bxe4 fxe4 25. Qxg4+ Bg6 26. Qg5 Qe8 27. f4 exf3 28. Rf1 Qf7 29. Rf2 Kh8 1/2-1/2

[Event "AUT-ch Eisenbahner"]
[Site "Wels"]
[Date "2009.05.23"]
[Round "3.1"]
[White "Buchner, Martin1111"]
[Black "Muehlbacher, Bernhard"]
[Result "1/2-1/2"]
[WhiteElo "2043"]
[BlackElo "2134"]
[PlyCount "26"]
[EventDate "2009.05.21"]
[EventType "swiss"]
[EventRounds "3"]
[EventCountry "AUT"]
[SourceTitle "EXT 2024"]
[Source "ChessBase"]
[SourceDate "2023.10.10"]
[SourceVersion "1"]
[SourceVersionDate "2023.10.10"]
[SourceQuality "1"]

1. e4 c5 2. Nf3 e6 3. d4 cxd4 4. Nxd4 a6 5. Bd3 Nf6 6. 0-0 Qc7 7. Nc3 b6 8. Qe2 d6 9. Bg5 Be7 10. Rae1 Nbd7 11. Kh1 Bb7 12. Bd2 Ne5 13. f4 Nxd3 1/2-1/2

[Event "AUT-ch Eisenbahner"]
[Site "Wels"]
[Date "2009.05.22"]
[Round "2.1"]
[White "Muehlbacher, Bernhard"]
[Black "Hafner, Robert"]
[Result "1/2-1/2"]
[WhiteElo "2134"]
[BlackElo "2107"]
[PlyCount "56"]
[EventDate "2009.05.21"]
[EventType "swiss"]
[EventRounds "3"]
[EventCountry "AUT"]
[SourceTitle "EXT 2024"]
[Source "ChessBase"]
[SourceDate "2023.10.10"]
[SourceVersion "1"]
[SourceVersionDate "2023.10.10"]
[SourceQuality "1"]

1. c4 c6 2. g3 d5 3. Bg2 Nf6 4. Nf3 Bf5 5. cxd5 cxd5 6. d3 Nc6 7. Nh4 Bg6 8. 0-0 e6 9. Nc3 Bh5 10. h3 Be7 11. Bd2 0-0 12. Nf3 h6 13. a3 Rc8 14. b4 a6 15. Na4 Nd7 16. Rc1 b5 17. Nc3 Qb6 18. g4 Bg6 19. e4 dxe4 20. dxe4 Nde5 21. Be3 Qb8 22. Nxe5 Nxe5 23. Bf4 Bd6 24. Bxe5 Bxe5 25. Qb3 Rfd8 26. Ne2 Rxc1 27. Rxc1 Qd6 28. Qe3 Qb8 1/2-1/2

[Event "AUT-chT2W 0809"]
[Site "Austria"]
[Date "2009.03.07"]
[Round "10.6"]
[White "Flatz, Lothar"]
[Black "Muehlbacher, Bernhard"]
[Result "1/2-1/2"]
[WhiteElo "2129"]
[BlackElo "2171"]
[PlyCount "110"]
[EventDate "2008.10.17"]
[EventType "team-tourn"]
[EventRounds "11"]
[EventCountry "AUT"]
[SourceTitle "EXT 2010"]
[Source "ChessBase"]
[SourceDate "2010.11.25"]
[SourceVersion "1"]
[SourceVersionDate "2010.11.25"]
[SourceQuality "1"]
[WhiteTeam "Goetzis"]
[BlackTeam "Rochade Rum"]
[WhiteTeamCountry "AUT"]
[BlackTeamCountry "AUT"]

1. Nf3 c5 2. g3 Nc6 3. Bg2 e5 4. d3 g6 5. 0-0 Nge7 6. c4 Bg7 7. Nc3 0-0 8. Bg5 h6 9. Bd2 d6 10. Qc1 Kh7 11. a3 Rb8 12. Rb1 a6 13. b4 cxb4 14. axb4 b5 15. Nd5 Nxd5 16. cxd5 Ne7 17. e4 f5 18. Qa3 g5 19. h3 g4 20. hxg4 fxe4 21. dxe4 Bxg4 22. Rbc1 Nc8 23. Nh4 Nb6 24. Qd3 Nc4 25. Bc3 Bf6 26. Nf5 Rg8 27. Kh2 Qe8 28. Rh1 Rg5 29. Kg1 Rh5 30. f4 Rxh1+ 31. Bxh1 Qh5 32. Rc2 Bxf5 33. exf5 Rg8 34. fxe5 dxe5 35. Be4 Qg5 36. Be1 Rg7 37. Bf2 h5 38. Kf1 Kh8 39. d6 Bd8 40. d7 Qe7 41. Qf3 Rg4 42. Bc5 Qg5 43. f6 Qxf6 44. Qxf6+ Bxf6 45. Rf2 Bd8 46. Rf8+ Rg8 47. Ke2 Rxf8 48. Bxf8 Nb6 49. Bf5 Kg8 50. Bc5 Kf7 51. Kd3 Kf6 52. Ke4 Na4 53. Bh3 a5 54. Kd5 Nc3+ 55. Kc6 a4 1/2-1/2

[Event "AUT-chT2W 0809"]
[Site "Austria"]
[Date "2009.01.18"]
[Round "8.5"]
[White "Loeffler, Christoph"]
[Black "Muehlbacher, Bernhard"]
[Result "0-1"]
[WhiteElo "2166"]
[BlackElo "2171"]
[PlyCount "84"]
[EventDate "2008.10.17"]
[EventType "team-tourn"]
[EventRounds "11"]
[EventCountry "AUT"]
[SourceTitle "EXT 2010"]
[Source "ChessBase"]
[SourceDate "2010.11.25"]
[SourceVersion "1"]
[SourceVersionDate "2010.11.25"]
[SourceQuality "1"]
[WhiteTeam "Salzburg"]
[BlackTeam "Rochade Rum"]
[WhiteTeamCountry "AUT"]
[BlackTeamCountry "AUT"]

1. e4 c5 2. Nc3 Nc6 3. f4 g6 4. Nf3 Bg7 5. Bc4 e6 6. f5 Ne5 7. Nxe5 Bxe5 8. Qf3 gxf5 9. 0-0 Qh4 10. g3 Qg4 11. d3 Qxf3 12. Rxf3 fxe4 13. dxe4 Nf6 14. Bg5 Ng4 15. Bf4 a6 16. Be2 b5 17. Bxe5 Nxe5 18. Rf4 Bb7 19. Raf1 Ke7 20. Bh5 Raf8 21. Kf2 Rhg8 22. Ke3 Nc4+ 23. Ke2 f6 24. b3 Ne5 25. Ke3 Rg5 26. Rh4 d5 27. exd5 exd5 28. Kf4 Ke6 29. g4 Rfg8 30. Re1 Kd6 31. Rd1 Ke6 32. Re1 R8g7 33. h3 Bc6 34. Ne2 Kd6 35. Ng3 Bd7 36. Nf5+ Bxf5 37. gxf5 Rg2 38. Re2 Rg1 39. Ke3 R7g3+ 40. Kd2 c4 41. Rf2 c3+ 42. Ke2 Rc1 0-1

[Event "AUT-chT2W 0809"]
[Site "Austria"]
[Date "2008.10.19"]
[Round "3.5"]
[White "Muehlbacher, Bernhard"]
[Black "Kondrak, Christof"]
[Result "0-1"]
[WhiteElo "2171"]
[BlackElo "2148"]
[PlyCount "82"]
[EventDate "2008.10.17"]
[EventType "team-tourn"]
[EventRounds "11"]
[EventCountry "AUT"]
[SourceTitle "EXT 2010"]
[Source "ChessBase"]
[SourceDate "2010.11.25"]
[SourceVersion "1"]
[SourceVersionDate "2010.11.25"]
[SourceQuality "1"]
[WhiteTeam "Rochade Rum"]
[BlackTeam "Schwaz"]
[WhiteTeamCountry "AUT"]
[BlackTeamCountry "AUT"]

1. c4 e6 2. g3 c6 3. Bg2 d5 4. Nf3 g6 5. 0-0 Bg7 6. d3 Ne7 7. Qc2 0-0 8. e4 Nd7 9. Nc3 d4 10. Ne2 e5 11. Bd2 b6 12. b4 Bb7 13. Ne1 c5 14. a3 f5 15. f4 fxe4 16. dxe4 exf4 17. gxf4 d3 18. Nxd3 Bxa1 19. Rxa1 Nc6 20. Bc3 Nd4 21. Nxd4 cxd4 22. Bb2 Rc8 23. c5 bxc5 24. bxc5 Ba6 25. c6 Qb6 26. Nb4 d3+ 27. Qf2 Qxf2+ 28. Kxf2 Nb8 29. Ke3 Bb5 30. e5 Nxc6 31. Bd5+ Kg7 32. Nxd3 Bxd3 33. Kxd3 Rxf4 34. e6+ Kf8 35. Ke3 g5 36. Rd1 Rd8 37. a4 Ne7 38. Ba3 Rxa4 39. Rf1+ Rf4 40. Rxf4+ gxf4+ 41. Ke4 Rxd5 0-1

[Event "AUT-chT2W 0708"]
[Site "Austria"]
[Date "2008.03.01"]
[Round "10.5"]
[White "Bertagnolli, Alexander"]
[Black "Muehlbacher, Bernhard"]
[Result "0-1"]
[WhiteElo "2319"]
[BlackElo "2134"]
[PlyCount "81"]
[EventDate "2007.10.06"]
[EventType "team"]
[EventRounds "11"]
[EventCountry "AUT"]
[SourceTitle "EXT 2009"]
[Source "ChessBase"]
[SourceDate "2008.11.26"]
[SourceVersion "1"]
[SourceVersionDate "2008.11.26"]
[SourceQuality "1"]
[WhiteTeam "Woergl"]
[BlackTeam "Rochade Rum"]
[WhiteTeamCountry "AUT"]
[BlackTeamCountry "AUT"]

1. d4 e6 2. Nc3 b6 3. d5 Bb4 4. Qd4 Bxc3+ 5. Qxc3 Qf6 6. Qxc7 Na6 7. Qd6 e5 8. Qa3 Nc5 9. Be3 d6 10. Bxc5 bxc5 11. e4 Qg6 12. f3 Ne7 13. Bb5+ Kf8 14. Qa5 f5 15. Qd8+ Kf7 16. Qc7 fxe4 17. Bc6 Qxg2 18. Bxa8 e3 19. 0-0-0 Bf5 20. Ne2 Qxe2 21. Kb1 Bxc2+ 22. Ka1 Bxd1 23. Rg1 g6 24. Qxd6 Rxa8 25. Qe6+ Kf8 26. d6 Ng8 27. Qd5 Qxf3 28. Qxe5 e2 29. d7 Qf2 30. Qd6+ Kg7 31. Qe5+ Nf6 32. Qc7 Nxd7 33. Qxd7+ Qf7 34. Qc6 Re8 35. Qxc5 Re7 36. h4 Rc7 37. Qe5+ Kg8 38. Qe3 Qe7 39. Qd2 Qc5 40. Qd8+ Kg7 41. a3 0-1

[Event "AUT-chT2W 0708"]
[Site "Austria"]
[Date "2007.11.18"]
[Round "5.6"]
[White "Muehlbacher, Bernhard"]
[Black "Kleissl, Helmut"]
[Result "0-1"]
[WhiteElo "2134"]
[BlackElo "2302"]
[PlyCount "70"]
[EventDate "2007.10.06"]
[EventType "team"]
[EventRounds "11"]
[EventCountry "AUT"]
[SourceTitle "EXT 2009"]
[Source "ChessBase"]
[SourceDate "2008.11.26"]
[SourceVersion "1"]
[SourceVersionDate "2008.11.26"]
[SourceQuality "1"]
[WhiteTeam "Rochade Rum"]
[BlackTeam "Jenbach"]
[WhiteTeamCountry "AUT"]
[BlackTeamCountry "AUT"]

1. c4 d6 2. g3 e5 3. Bg2 f5 4. d3 Nf6 5. Nc3 Be7 6. e3 c6 7. Nge2 0-0 8. h3 d5 9. 0-0 Na6 10. a3 Be6 11. f4 e4 12. Nd4 Bd7 13. b4 c5 14. Nc2 cxb4 15. axb4 Nxb4 16. Nxb4 Bxb4 17. Nxd5 Nxd5 18. cxd5 Bb5 19. Qb3 a5 20. dxe4 Bxf1 21. Kxf1 fxe4 22. Bxe4 Qc7 23. Kg2 Rf6 24. Bb2 Rh6 25. h4 Bf8 26. Bd4 Kh8 27. Qd3 a4 28. Bf3 a3 29. e4 Ra5 30. f5 a2 31. Qd2 Rha6 32. Bc3 Ra3 33. Bb2 R3a4 34. Bd1 Rb4 35. Be2 Ra8 0-1

[Event "AUT-chT2W 0607"]
[Site "Austria"]
[Date "2007.03.04"]
[Round "11.1"]
[White "Muehlbacher, Bernhard"]
[Black "Meier, Alexander"]
[Result "1/2-1/2"]
[WhiteElo "2042"]
[BlackElo "2173"]
[PlyCount "21"]
[EventDate "2006.10.21"]
[EventType "team"]
[EventRounds "11"]
[EventCountry "AUT"]
[SourceTitle "EXT 2008"]
[Source "ChessBase"]
[SourceDate "2007.11.25"]
[SourceVersion "1"]
[SourceVersionDate "2007.11.25"]
[SourceQuality "1"]

1. c4 c6 2. Nc3 d5 3. e4 dxe4 4. Nxe4 Bf5 5. Ng3 Bg6 6. Nf3 Nf6 7. d4 e6 8. Be2 Nbd7 9. 0-0 Bd6 10. Nh4 0-0 11. Nxg6 1/2-1/2

[Event "AUT-chT2W 0607"]
[Site "Austria"]
[Date "2007.01.26"]
[Round "6.1"]
[White "Stoeckl, Norbert"]
[Black "Muehlbacher, Bernhard"]
[Result "1/2-1/2"]
[WhiteElo "2097"]
[BlackElo "2094"]
[PlyCount "84"]
[EventDate "2006.10.21"]
[EventType "team"]
[EventRounds "11"]
[EventCountry "AUT"]
[SourceTitle "EXT 2008"]
[Source "ChessBase"]
[SourceDate "2007.11.25"]
[SourceVersion "1"]
[SourceVersionDate "2007.11.25"]
[SourceQuality "1"]

1. e4 c5 2. Nf3 e6 3. d4 cxd4 4. Nxd4 a6 5. Bd3 b6 6. 0-0 d6 7. f4 Qc7 8. Nc3 Nf6 9. Qe2 Nbd7 10. Bd2 Be7 11. Rae1 0-0 12. Kh1 Nc5 13. e5 Nfd7 14. Bxh7+ Kxh7 15. b4 g6 16. bxc5 bxc5 17. Nf3 d5 18. f5 gxf5 19. Ng5+ Kg6 20. Nh3 Rh8 21. Nf4+ Kg7 22. Ncxd5 exd5 23. Nxd5 Qd8 24. Rxf5 Nf8 25. Nxe7 Qxe7 26. Bg5 Qe6 27. Bf6+ Kg8 28. Rg5+ Ng6 29. Qe4 Ra7 30. Rf1 Rh6 31. Qe3 Qc4 32. Rf2 Rd7 33. h3 Rd1+ 34. Kh2 Kh7 35. Be7 Nxe7 36. Qf3 Rd7 37. Qxf7+ Qxf7 38. Rxf7+ Kh8 39. Rf8+ Kh7 40. Rf7+ Kh8 41. Rf8+ Kh7 42. Rf7+ Kh8 1/2-1/2

[Event "AUT-chT2W 0607"]
[Site "Austria"]
[Date "2006.12.01"]
[Round "3"]
[White "Muehlbacher, Bernhard"]
[Black "Ager, Josef"]
[Result "0-1"]
[WhiteElo "2094"]
[BlackElo "2196"]
[PlyCount "130"]
[EventDate "2006.10.21"]
[EventType "team"]
[EventRounds "11"]
[EventCountry "AUT"]
[SourceTitle "CBM 115 Extra"]
[Source "ChessBase"]
[SourceDate "2007.01.10"]
[SourceVersion "1"]
[SourceVersionDate "2007.01.10"]
[SourceQuality "1"]

1. c4 g6 2. g3 Bg7 3. Bg2 Nf6 4. e3 d6 5. Ne2 e5 6. Nbc3 0-0 7. 0-0 Nc6 8. h3 Bd7 9. Kh2 Rb8 10. d4 a6 11. b3 Nh5 12. d5 Ne7 13. g4 Nf6 14. Ng3 Ne8 15. e4 f5 16. gxf5 gxf5 17. Nh5 f4 18. Rg1 Ng6 19. Bf3 Qh4 20. Qf1 Bh6 21. Bd2 Kh8 22. a4 c5 23. Ne2 Nc7 24. Ra2 Rf7 25. Qg2 b6 26. b4 cxb4 27. Bxb4 Bf8 28. Bc3 a5 29. Rb1 Na6 30. Ng1 Qd8 31. Bg4 Nc5 32. f3 Nxa4 33. Be1 Nc5 34. Bc3 a4 35. Ne2 Be7 36. Bb4 Rc8 37. Rc2 Nb3 38. Nc1 Nd4 39. Rc3 Bf8 40. Qf1 Qh4 41. Ne2 Nb3 42. Rb2 Bxg4 43. fxg4 Rfc7 44. Ng1 Nd4 45. Rb1 b5 46. Rbc1 bxc4 47. Nf3 Nxf3+ 48. Qxf3 Rb7 49. Rxc4 Rcb8 50. Be1 Rb2+ 51. Kg1 Qd8 52. Rxa4 R8b3 53. Qf1 Nh4 54. Bf2 Nf3+ 55. Kh1 Rb8 56. Qg2 R2b3 57. Ra7 Be7 58. Rcc7 Rb1+ 59. Bg1 Nxg1 60. Qxg1 Rxg1+ 61. Kxg1 Rb1+ 62. Kg2 Qb8 63. g5 Qb2+ 64. Kf3 Qb3+ 65. Kg4 Rg1+ 0-1

[Event "AUT-chT2W 0607"]
[Site "Austria"]
[Date "2006.10.22"]
[Round "2"]
[White "Endthaler, Arnold"]
[Black "Muehlbacher, Bernhard"]
[Result "0-1"]
[WhiteElo "2094"]
[BlackElo "2094"]
[PlyCount "63"]
[EventDate "2006.10.21"]
[EventType "team"]
[EventRounds "11"]
[EventCountry "AUT"]
[SourceTitle "EXT 2007"]
[Source "ChessBase"]
[SourceDate "2006.11.23"]
[SourceVersion "1"]
[SourceVersionDate "2006.11.23"]
[SourceQuality "1"]

1. e4 c5 2. Nf3 e6 3. d4 cxd4 4. Nxd4 a6 5. Bd3 b6 6. 0-0 Qc7 7. Nc3 Bb7 8. Qe2 d6 9. Bg5 Nd7 10. Rad1 Ngf6 11. Bc4 Nc5 12. Rfe1 b5 13. Bxb5+ axb5 14. Ndxb5 Qb8 15. Bxf6 gxf6 16. Qc4 Be7 17. b4 Nd7 18. Nc7+ Kf8 19. Nxa8 Bxa8 20. a4 Kg8 21. f4 f5 22. Rd2 fxe4 23. Nd1 d5 24. Qb5 Qa7+ 25. Kh1 d4 26. c4 e3 27. Nxe3 dxe3 28. Rxd7 Bxg2+ 29. Kg1 Qxd7 30. Qb8+ Bd8 31. Rxe3 Qd1+ 32. Kf2 0-1

[Event "AUT-chT2W 0506"]
[Site "Austria"]
[Date "2006.01.20"]
[Round "6"]
[White "Muehlbacher, Bernhard"]
[Black "Hackbarth, Wolfgang"]
[Result "1/2-1/2"]
[WhiteElo "2116"]
[BlackElo "2135"]
[PlyCount "45"]
[EventDate "2005.10.08"]
[EventType "team"]
[EventRounds "11"]
[EventCountry "AUT"]
[SourceTitle "EXT 2007"]
[Source "ChessBase"]
[SourceDate "2006.11.23"]
[SourceVersion "1"]
[SourceVersionDate "2006.11.23"]
[SourceQuality "1"]
[WhiteTeam "Innsbruck Rochade"]
[BlackTeam "Ranshofen"]
[WhiteTeamCountry "AUT"]
[BlackTeamCountry "AUT"]

1. c4 Nf6 2. Nc3 g6 3. g3 Bg7 4. Bg2 e5 5. e3 0-0 6. Nge2 d6 7. 0-0 Nc6 8. d3 Bd7 9. h3 Rb8 10. Rb1 a6 11. b4 Ne7 12. b5 Be6 13. Ba3 Re8 14. Qc2 axb5 15. Nxb5 Bf8 16. Kh2 Nf5 17. e4 Ng7 18. f4 c6 19. Nbc3 Nfh5 20. Bc1 exf4 21. gxf4 f5 22. Nd4 Bd7 23. Nf3 1/2-1/2

[Event "AUT-chT2W 0506"]
[Site "Austria"]
[Date "2005.12.04"]
[Round "5"]
[White "Schiestl, Josef"]
[Black "Muehlbacher, Bernhard"]
[Result "1/2-1/2"]
[WhiteElo "2157"]
[BlackElo "2116"]
[PlyCount "39"]
[EventDate "2005.10.08"]
[EventType "team"]
[EventRounds "11"]
[EventCountry "AUT"]
[SourceTitle "EXT 2007"]
[Source "ChessBase"]
[SourceDate "2006.11.23"]
[SourceVersion "1"]
[SourceVersionDate "2006.11.23"]
[SourceQuality "1"]
[WhiteTeam "Zillertal"]
[BlackTeam "Innsbruck Rochade"]
[WhiteTeamCountry "AUT"]
[BlackTeamCountry "AUT"]

1. e4 c5 2. Nf3 e6 3. d4 cxd4 4. Nxd4 a6 5. Nc3 b5 6. Bd3 Bb7 7. 0-0 d6 8. Qe2 Qc7 9. a4 b4 10. Na2 d5 11. Bd2 dxe4 12. Bxe4 Nf6 13. Bxb7 Qxb7 14. Nxe6 fxe6 15. Qxe6+ Kd8 16. Rad1 Nbd7 17. Bf4 Kc8 18. Rd4 Bc5 19. Rc4 Qd5 20. Qxd5 1/2-1/2